| 000 | 00590cam a22002171 4500 | ||
|---|---|---|---|
| 003 | OSt | ||
| 005 | 20180923144745.0 | ||
| 008 | 770826s2014 xx 000 0 eng | ||
| 020 | _a9789339204044 | ||
| 040 |
_aDLC _cOC _dDLC _beng |
||
| 042 | _apremarc | ||
| 050 | 0 | 0 |
_aTJ164 _b.P6 1939 |
| 082 |
_a621.19 _221 _bNPP |
||
| 100 |
_aNag, P. K. _965110 |
||
| 245 | 0 | 0 |
_aPower plant engineering / _c P K Nag |
| 260 |
_aChicago, Ill. _c2014 |
||
| 300 |
_a956 p. _billus., diagrs. _c20 cm. |
||
| 650 | 0 |
_aPower-plants. _965111 |
|
| 942 | _cBOOK | ||
| 906 |
_a7 _bcbc _coclcrpl _du _encip _f19 _gy-gencatlg |
||
| 999 |
_c75176 _d312453 |
||